000 01226nam a2200181Ia 4500
008 151202s9999||||xx |||||||||||||| ||und||
082 _bPNVM-122751
100 _a"सहजोबाई/संपा-सेंगई,ईटौसे,हरनारायण,प्यारेलाल,सरदारसिंह,हरलाल,शिवनारायण."
245 _aसहजप्रकाश हिंदी दोहा चौपाई.
260 _bगंगा विष्णु श्रीकृष्णदास कल्याण-बम्बई.
260 _c1937
300 _a112
600 _a"सहजोबाई/संपा-सेंगई,ईटौसे,हरनारायण,प्यारेलाल,सरदारसिंह,हरलाल,शिवनारायण."
630 _aसहजप्रकाश हिंदी दोहा चौपाई.
700 _a"सहजोबाई/संपा-सेंगई,ईटौसे,हरनारायण,प्यारेलाल,सरदारसिंह,हरलाल,शिवनारायण."
730 _aसहजप्रकाश हिंदी दोहा चौपाई.
942 _cBOOK
999 _c1352880
_d1352877